| 000 | 00535nam a22002057a 4500 | ||
|---|---|---|---|
| 001 | sjds | ||
| 003 | sjds | ||
| 005 | 20230918093218.0 | ||
| 008 | 230918b |||||||| |||| 00| 0 spa d | ||
| 020 | _a9788434828087 | ||
| 020 | _a8434828081 | ||
| 040 | _csjds | ||
| 041 | _aspa | ||
| 100 | 1 | _aBalzola, Asun. | |
| 245 |
_aPablito / _cAsun Balzola. |
||
| 260 |
_aMadrid : _b Ediciones SM, _cc1989. |
||
| 300 |
_a14 unnumbered pages : _bchiefly color illustrations ; _c19 cm |
||
| 440 |
_a Duros del barco de vapor ; _n2 |
||
| 942 | _cBK | ||
| 999 |
_c28351 _d28351 |
||